00810nab a2200241 uc450000100070000000500170000700800410002403500110006503500210007604000130009704100080011010000310011824500960014965000370024565000280028265000210031065000350033165000240036665000360039070000320042670000310045877300790048969473620240924091333.0010926e19970301 spa  a694736 a(OCoLC)819917554 ccomduadb aspa10aChicchiero, Elio4auteaut10aControl integral de proceso de una laminadora multicilindro para bandas de acero inoxidable aControl de procesos industriales aLaminado (Metalisteria) aAcero inoxidable 7aProductividad industrial2lemb aSistemas de control 7aProcesos de manufactura2armarc10aLubrano, Maurizio4auteaut10aMarcolini, Marco4auteaut0 tRevista ABB (Baden)gNo. 03, Mar. 1997, p. 18-27w110765x1013-3135092738